[Event "Novosibirsk Region op"]
[Site "Novosibirsk"]
[Date "2007.12.11"]
[Round "7"]
[White "Zemtsov, Roman"]
[Black "Bublei, Pavel"]
[Result "1-0"]
[WhiteElo "2303"]
[BlackElo "2165"]
[PlyCount "189"]
[EventDate "2007.12.05"]
[EventType "swiss"]
[EventRounds "9"]
[EventCountry "RUS"]
[SourceTitle "CBM 122 Extra"]
[Source "ChessBase"]
[SourceDate "2008.03.04"]
[SourceVersion "1"]
[SourceVersionDate "2008.03.04"]
[SourceQuality "1"]

1. e4 c6 2. Nf3 d5 3. Nc3 Bg4 4. h3 Bxf3 5. Qxf3 e6 6. a3 Nf6 7. d3 Nbd7 8. g4 h6 9. Bd2 d4 10. Ne2 Qb6 11. 0-0-0 0-0-0 12. Bg2 Nc5 13. e5 Nfd7 14. Qf4 f6 15. exf6 gxf6 16. b4 e5 17. Qf5 Na4 18. Qe6 a5 19. Qb3 Qb5 20. bxa5 Qxb3 21. cxb3 Nac5 22. Kc2 e4 23. Bxe4 Nxe4 24. dxe4 Ne5 25. Nf4 Bxa3 26. Bc1 Bc5 27. Bb2 Ba7 28. Nd3 Nf3 29. Ne1 Ng5 30. Kd3 Rhe8 31. f3 Bb8 32. Bc1 Nf7 33. Ke2 h5 34. Nd3 h4 35. b4 Nd6 36. Nc5 Nc4 37. Rhf1 Ba7 38. Nd3 Bb8 39. Rg1 Bc7 40. Rg2 Bg3 41. Nc5 Bb8 42. Kf1 Ne5 43. f4 Ng6 44. f5 Ne5 45. g5 fxg5 46. Bxg5 Nc4 47. Rc1 Ne3+ 48. Bxe3 dxe3 49. Re2 Rd4 50. Rc3 Rd1+ 51. Re1 Rd2 52. Rcxe3 Bg3 53. f6 Rf2+ 54. Kg1 Rxf6 55. R1e2 Ref8 56. e5 Bf2+ 57. Kf1 Rf5 58. Rxf2 Rxf2+ 59. Ke1 R2f3 60. Ke2 Rg3 61. Ne4 Rg2+ 62. Kd3 Kc7 63. Nc5 Re8 64. Ke4 Rf2 65. e6 Re7 66. Ke5 Rf8 67. Re4 Rh7 68. Rd4 Rh5+ 69. Ke4 Rh7 70. Ke3 Rf1 71. Rd3 Rg7 72. Ke4 Rfg1 73. Rf3 Re7 74. Kf5 Reg7 75. Ke5 R1g5+ 76. Ke4 Re7 77. Rf4 Rh5 78. Kf3 Rh8 79. Rf5 Rhh7 80. Kf4 Rh8 81. Ke5 Rhh7 82. Kf6 Reg7 83. Rf4 Rg8 84. e7 Rgh8 85. Ne6+ Kc8 86. Ng7 Rh6+ 87. Kf7 R6h7 88. Rg4 Kd7 89. Rd4+ Kc7 90. Kf6 Rh6+ 91. Kg5 R6h7 92. Ne6+ Kb8 93. Rd8+ Ka7 94. Rxh8 Rxh8 95. Nf8 1-0

[Event "Novosibirsk Region op"]
[Site "Novosibirsk"]
[Date "2007.12.07"]
[Round "3"]
[White "Zemtsov, Roman"]
[Black "Tuzhik, Artem"]
[Result "0-1"]
[WhiteElo "2303"]
[BlackElo "2316"]
[PlyCount "80"]
[EventDate "2007.12.05"]
[EventType "swiss"]
[EventRounds "9"]
[EventCountry "RUS"]
[SourceTitle "CBM 122 Extra"]
[Source "ChessBase"]
[SourceDate "2008.03.04"]
[SourceVersion "1"]
[SourceVersionDate "2008.03.04"]
[SourceQuality "1"]

1. e4 c5 2. Nf3 d6 3. Bc4 Nf6 4. d3 Nc6 5. c3 g6 6. 0-0 Bg7 7. Nbd2 0-0 8. Bb3 b5 9. a4 b4 10. Re1 Rb8 11. Qc2 Nd7 12. Rb1 Ba6 13. c4 Bh6 14. Nf1 Bxc1 15. Qxc1 Kg7 16. Ne3 Nde5 17. Nxe5 dxe5 18. Ng4 Bc8 19. Qh6+ Kg8 20. Ne3 Qxd3 21. Bc2 Qd6 22. Rbd1 Nd4 23. Rd3 b3 24. Bb1 Rb7 25. Nd5 f6 26. Rg3 Rf7 27. f4 exf4 28. Nxf4 e5 29. Nd5 Qf8 30. Qd2 Be6 31. h4 Rg7 32. Qa5 f5 33. exf5 gxf5 34. Rge3 Bxd5 35. cxd5 e4 36. Rc1 Rbc7 37. Qa6 Rg6 38. Qc4 Qd6 39. Kf1 Qf4+ 40. Rf3 exf3 0-1

[Event "Novosibirsk Region op"]
[Site "Novosibirsk"]
[Date "2007.12.05"]
[Round "1"]
[White "Zemtsov, Roman"]
[Black "Nikitin, Gennady Sergeevich"]
[Result "1/2-1/2"]
[WhiteElo "2303"]
[BlackElo "2123"]
[PlyCount "124"]
[EventDate "2007.12.05"]
[EventType "swiss"]
[EventRounds "9"]
[EventCountry "RUS"]
[SourceTitle "CBM 122 Extra"]
[Source "ChessBase"]
[SourceDate "2008.03.04"]
[SourceVersion "1"]
[SourceVersionDate "2008.03.04"]
[SourceQuality "1"]

1. e4 c5 2. Nf3 d6 3. Bb5+ Bd7 4. Bxd7+ Qxd7 5. c4 Nc6 6. d4 cxd4 7. Nxd4 g6 8. Nc3 Bg7 9. Nde2 Nf6 10. 0-0 0-0 11. f3 a6 12. Bg5 Qd8 13. Qd2 Nd7 14. Nd5 Re8 15. Rac1 f6 16. Be3 e6 17. Ndc3 Nde5 18. b3 Qe7 19. Bb6 Nd7 20. Bc7 Bf8 21. Rfd1 Nc5 22. Bxd6 Qxd6 23. Qxd6 Bxd6 24. Rxd6 Rad8 25. Rcd1 Rxd6 26. Rxd6 Rd8 27. Rxd8+ Nxd8 28. Kf2 Kf7 29. Ke3 Nc6 30. f4 Nd7 31. Nd4 e5 32. Nf3 Ke6 33. g3 Nf8 34. Nd5 Nd7 35. b4 a5 36. a3 axb4 37. axb4 Nf8 38. c5 Nd7 39. Kd3 h6 40. Kc4 f5 41. Nc7+ Kf6 42. b5 Nd8 43. exf5 exf4 44. Nd5+ Kxf5 45. Nxf4 g5 46. Nd3 Ke4 47. Nd4 h5 48. Nf2+ Ke5 49. Nh3 Nf7 50. Nf3+ Kf5 51. c6 bxc6 52. bxc6 Nb6+ 53. Kc5 Nc8 54. Nf2 Kf6 55. Nd4 Ke5 56. Nb5 h4 57. g4 Kf4 58. Nd4 Ne5 59. Ne6+ Kf3 60. Nh3 Kxg4 61. Nexg5 Nd3+ 62. Kd4 Nb4 1/2-1/2

[Event "Novosibirsk Sibiria op-C"]
[Site "Novosibirsk"]
[Date "2007.07.25"]
[Round "5"]
[White "Dergilev, Igor"]
[Black "Zemtsov, Roman"]
[Result "1-0"]
[WhiteElo "2234"]
[BlackElo "2292"]
[PlyCount "75"]
[EventDate "2007.07.21"]
[EventType "swiss"]
[EventRounds "9"]
[EventCountry "RUS"]
[SourceTitle "EXT 2008"]
[Source "ChessBase"]
[SourceDate "2007.11.25"]
[SourceVersion "1"]
[SourceVersionDate "2007.11.25"]
[SourceQuality "1"]

1. d4 d5 2. Nf3 Nf6 3. e3 Bf5 4. c4 c6 5. Nc3 e6 6. Nh4 Bg4 7. Qb3 Qc7 8. h3 Bh5 9. g4 Bg6 10. Nxg6 hxg6 11. Bg2 Nbd7 12. e4 Nxe4 13. Nxe4 dxe4 14. Be3 f5 15. c5 0-0-0 16. Qxe6 f4 17. Bd2 e3 18. Bc3 exf2+ 19. Kxf2 g5 20. Rae1 Kb8 21. b4 Ka8 22. Qf5 a6 23. a4 Rh6 24. Qxg5 Rf6 25. Bf3 Rf7 26. Re6 Nf6 27. b5 Nd5 28. Bxd5 cxd5 29. bxa6 Bxc5 30. axb7+ Ka7 31. Qg6 Rd6 32. Rb1 Rf8 33. Rb5 Ba3 34. Rxd6 Bxd6 35. Qd3 Kb8 36. Rxd5 f3 37. Ra5 Bg3+ 38. Kf1 1-0